00000000nam##2200000za#4500
0019.688484
003CaOODSP
00520210624231439
007cr |||||||||||
008150407|2000||||xxc|||||o    f|0| 0 eng|d
040 |aCaOODSP|beng
043 |an-cn---
0861 |aSW21-89/2001E-PDF
1101 |aCanada. |bStatus of Women Canada.
24510|aInternational trade : putting gender into the process : |h[electronic resource]|binitiatives and lessons learned / |c[by] Soraya Hassanali.
260 |aOttawa - Ontario : |bStatus of Women Canada |c2000.
300 |a37p.|breferences
500 |anull
500 |aThe catalogue number for the bilingual print edition has been incorrectly copied in this electronic publication. The ISBN for the 2001 print edition has been printed in this electronic edition.
590 |a06-10-Supp|b2006-12-15
69007|aFree trade|2gcpds
69007|aInternational trade|2gcpds
69007|aStatus of women|2gcpds
69007|aTrade policy|2gcpds
7201 |aHassanali, Soraya
77508|tCommerce international : intégration des considérations liées à l'égalité entre les sexes dans le processus d'élaboration des politiques : |w(CaOODSP)9.632909
7760#|tInternational trade: putting gender into the process : |w(CaOODSP)9.663347
7760#|tCommerce international: intégration des considérations liées à l'égalité entre les sexes dans le processus d'élaboration des politiques : |w(CaOODSP)9.663348
85640|ahttp://publications.gc.ca|qPDF|s548 KB|uhttps://publications.gc.ca/collections/Collection/SW21-89-2001E.pdf